000
00347 a2200169 4500
001
72399
020
_a
8532242936
040
_c
Anchieta - Colégio São Paulo
100
_a
Braz, Júlio Emílio
240
1
0
_a
Zumbi
_l
por
245
1
0
_a
Zumbi
300
_a
72
362
0
_a
1999
440
1
_a
FTD
650
4
_a
Literatura juvenil
942
_c
BK
999
_c
72399
_d
72399